Clic Qui chantait ? 1 chanson -> 1 interprète (11) - Statistiques

Statistiques générales
  • Ce quiz a été pris 89 fois
  • Le résultat moyen est 12 sur 25
Statistiques - réponses
Hint Réponse % Correct
Elle me dit Mika
89%
Le petit bonhomme en mousse Patrick Sébastien
85%
Divine idylle Vanessa Paradis
77%
Non non rien n'a changé Les Poppys
69%
Lily Pierre Perret
68%
C'est la ouate Caroline Loeb
65%
Beau malheur Emmanuel Moire
61%
Route nationale 7 Charles Trenet
60%
Sans chemise sans pantalon Rika Zaraï
57%
Du rhum des femmes Soldat Louis
57%
Merguez-partie Les Musclés
51%
Jeanne Laurent Voulzy
49%
Bye-bye Ménélik
49%
Y'a pas que les grands qui rêvent Melody
47%
Je pars (le vol de nuit s'en va) Nicolas Peyrac
45%
Les grands boulevards Yves Montand
44%
Métro (c'est trop) Téléphone
39%
Mon homme Mistinguett
37%
1980 Pascal,Obispo
37%
Les roses blanches Berthe Sylva
36%
Ma révérence Véronique Sanson
33%
Sur des musiques noires Thierry Pastor
29%
Un banc, un arbre, une rue Séverine
28%
Madame Madame Les Chaussettes Noires
12%
Polka Luce
11%
Aucun quiz correspondant
Distribution des résultats
% des personnes avec chaque résultat
Percentile par nombre de réponses
Votre historique - résultats
Vous n’avez pas pris ce quiz